| 000 | 00611nam a2200181 4500 | ||
|---|---|---|---|
| 008 | 200729b xxu||||| |||| 00| 0 eng d | ||
| 082 |
_220 _a341 L791oi 1977 |
||
| 100 |
_a Llanos, Hugo _925812 |
||
| 245 | _aTeoría y práctica del Derecho Internacional Público | ||
| 260 |
_bSantiago de Chile _c1977 _aJurídica de Chile |
||
| 300 | _a536p. | ||
| 500 | _aColección Humberto Nogueira Alcalá c.2 | ||
| 650 |
_aDERECHO INTERNACIONAL PÚBLICO _910364 |
||
| 650 |
_aCONVENCION DE VIENA _911310 |
||
| 650 |
_aDERECHO DE LOS TRATADOS _911311 |
||
| 650 |
_aTRATADOS INTERNACIONALES _92057 |
||
| 942 |
_2ddc _cLIBRO |
||
| 999 |
_c15380 _d15380 |
||